Countries with Consonants as the first two letters of its name - Statistics

General Stats
  • This quiz has been taken 404 times
  • The average score is 20 of 23
Answers on the Map
Answers color-coded by a green-red scale on the quiz's map according to % correct below.
 
Answer Stats
Answer % Correct
France
96%
Sweden
95%
Spain
94%
Brazil
93%
Switzerland
93%
Chile
92%
China
92%
Slovakia
90%
Slovenia
90%
Bhutan
89%
Czech Republic
89%
Greece
89%
Croatia
88%
Philippines
85%
Chad
84%
Thailand
83%
Djibouti
82%
Rwanda
82%
Brunei
81%
Ghana
81%
Sri Lanka
78%
Trinidad and Tobago
72%
Grenada
66%
No matching quizzes found
Score Distribution
Percent of People with Each Score
Percentile by Number Answered
Your Score History
You have not taken this quiz